Normal view
MARC view
- MECHANICS OF MATERIALS.STRENGTH OF MATERIALS
Entry Topical Term
001 - CONTROL NUMBER
- control field: 65402
003 - CONTROL NUMBER IDENTIFIER
- control field: NUST
005 - DATE AND TIME OF LATEST TRANSACTION
- control field: 20210628203429.0
008 - FIXED-LENGTH DATA ELEMENTS
- fixed length control field: 210628|| aca||aabn | a|a d
040 ## - CATALOGING SOURCE
- Original cataloging agency: NUST
- Transcribing agency: NUST
150 ## - HEADING--TOPICAL TERM
- Topical term or geographic name entry element: MECHANICS OF MATERIALS.STRENGTH OF MATERIALS
670 ## - SOURCE DATA FOUND
- Source citation: Work cat.: (NUST): Silva, Vitor Dias Da, Da Silva, Vitor Dias 65401, Mechanics and strength of materials, 2006
